Už polovica úverových pohľadávok sa Všeobecnej úverovej banke načas nespláca
Súčasná situácia bankového sektora na Slovensku. Situácia vo VÚB, ktorá úveruje vyše šesťtisíc organizácií. Celková výška klasifikovaných pohľadávok banky. Orientácia reštrukturalizačného programu VÚB. K riešeniu problémov slovenských bánk sú potrebné legislatívne zmeny.
Gespeichert in:
| 1. Verfasser: | |
|---|---|
| Format: | Buchkapitel |
| Sprache: | Slowakisch |
| Schlagworte: | |
| Tags: |
Keine Tags, Fügen Sie das erste Tag hinzu!
|
MARC
| LEADER | 00000naa a2200000 4500 | ||
|---|---|---|---|
| 001 | r034338 | ||
| 005 | 20230921103302.7 | ||
| 041 | 0 | |a slo | |
| 044 | |a SK | ||
| 245 | 1 | 0 | |a Už polovica úverových pohľadávok sa Všeobecnej úverovej banke načas nespláca |c Ján Kovalčík |
| 520 | |a Súčasná situácia bankového sektora na Slovensku. Situácia vo VÚB, ktorá úveruje vyše šesťtisíc organizácií. Celková výška klasifikovaných pohľadávok banky. Orientácia reštrukturalizačného programu VÚB. K riešeniu problémov slovenských bánk sú potrebné legislatívne zmeny. | ||
| 610 | 2 | 0 | |a bankovníctvo |
| 610 | 2 | 0 | |a banky |
| 610 | 2 | 0 | |a pohľadávky |
| 610 | 2 | 0 | |a úver |
| 610 | 2 | 0 | |a reštrukturalizácia |
| 610 | 2 | 0 | |a legislatíva |
| 610 | 2 | 0 | |a Slovensko |
| 610 | 2 | 0 | |a VÚB Bratislava |
| 100 | 1 | |a Kovalčík, Ján | |